Online katalóg knižníc regiónu Turca

Indiáni (Record no. 23475)

MARC details
000 -LEADER
fixed length control field 02044cam a2200541 a 4500
001 - CONTROL NUMBER
control field 23475
003 - CONTROL NUMBER IDENTIFIER
control field VRT
005 - DATE AND TIME OF LATEST TRANSACTION
control field 20260624111950.0
008 - FIXED-LENGTH DATA ELEMENTS--GENERAL INFORMATION
fixed length control field 240226s2003 xo a jrn 001 0 slo
015 ## - NATIONAL BIBLIOGRAPHY NUMBER
National bibliography number SNBA2003/08-02398
020 ## - INTERNATIONAL STANDARD BOOK NUMBER
International Standard Book Number 8071457442
035 ## - SYSTEM CONTROL NUMBER
System control number SNK000414544
035 ## - SYSTEM CONTROL NUMBER
System control number urn:nbn:sk:snk-am3iwx2
035 ## - SYSTEM CONTROL NUMBER
System control number E7E09700-BBFE-405B-AC03-52EF5F20800B
035 ## - SYSTEM CONTROL NUMBER
System control number urn:nbn:sk:snk-am00g4sh
039 #9 - LEVEL OF BIBLIOGRAPHIC CONTROL AND CODING DETAIL [OBSOLETE]
Level of rules in bibliographic description 202402261608
Level of effort used to assign nonsubject heading access points VLOAD
Level of effort used to assign subject headings 202203162235
Level of effort used to assign classification csnkv18
Level of effort used to assign subject headings 202202271353
Level of effort used to assign classification AUTHORITY
Level of effort used to assign subject headings 202201070913
Level of effort used to assign classification VLOAD
040 ## - CATALOGING SOURCE
Original cataloging agency SNK
Language of cataloging slo
Transcribing agency SNK
Description conventions AACR2
041 1# - LANGUAGE CODE
Language code of text/sound track or separate title slo
Language code of original eng
043 ## - GEOGRAPHIC AREA CODE
Geographic area code n------
044 ## - COUNTRY OF PUBLISHING/PRODUCING ENTITY CODE
MARC country code xo
ISO country code SK
072 #7 - SUBJECT CATEGORY CODE
Subject category code 39
Subject category code subdivision Etnológia. Etnografia. Folklór
Source konspekt
072 #7 - SUBJECT CATEGORY CODE
Subject category code 0/9-053.2
Subject category code subdivision Literatúra pre deti a mládež (náučná)
Source konspekt
080 ## - UNIVERSAL DECIMAL CLASSIFICATION NUMBER
Universal Decimal Classification number 39
Edition identifier 2011
080 ## - UNIVERSAL DECIMAL CLASSIFICATION NUMBER
Universal Decimal Classification number (=8)
Edition identifier 2011
080 ## - UNIVERSAL DECIMAL CLASSIFICATION NUMBER
Universal Decimal Classification number (03)82-93-053.4/.6
Edition identifier 2011
080 ## - UNIVERSAL DECIMAL CLASSIFICATION NUMBER
Universal Decimal Classification number 94(7)
Edition identifier 2011
100 1# - MAIN ENTRY--PERSONAL NAME
Personal name Buller, Laura
Relationship aut
240 10 - UNIFORM TITLE
Uniform title Native Americans - an inside look at the tribes and traditions
Language of a work Slovensky
245 10 - TITLE STATEMENT
Title Indiáni
Remainder of title pôvodní obyvatelia Ameriky
Statement of responsibility, etc. Laura Bullerová ; poradca Darren Ranco ; z anglického originálu preložila Miriam Ghaniová
250 ## - EDITION STATEMENT
Edition statement 1. slovenské vydanie
260 ## - PUBLICATION, DISTRIBUTION, ETC.
Place of publication, distribution, etc. Bratislava
Name of publisher, distributor, etc. Slovart
Date of publication, distribution, etc. 2003
300 ## - PHYSICAL DESCRIPTION
Extent 96 strán
Other physical details farebné ilustrácie
Dimensions 21 cm
490 1# - SERIES STATEMENT
Series statement Mega menu
504 ## - BIBLIOGRAPHY, ETC. NOTE
Bibliography, etc. note Bibliografia na strane 92-93 ; poznámky a vysvetlivky ; register ; slovníček ; zoznam
650 07 - SUBJECT ADDED ENTRY--TOPICAL TERM
Topical term or geographic name entry element etnografia
Source of heading or term SNKPH
650 07 - SUBJECT ADDED ENTRY--TOPICAL TERM
Topical term or geographic name entry element Indiáni
Source of heading or term SNKPH
651 #7 - SUBJECT ADDED ENTRY--GEOGRAPHIC NAME
Geographic name Severná Amerika
Source of heading or term SNKPHgeo
655 #7 - INDEX TERM--GENRE/FORM
Genre/form data or focus term publikácie pre deti a mládež
Source of term SNKPH
700 1# - ADDED ENTRY--PERSONAL NAME
Personal name Ghaniová, Miriam
Relationship trl
700 1# - ADDED ENTRY--PERSONAL NAME
Personal name Ranco, Darren
Relationship oth
830 #0 - SERIES ADDED ENTRY--UNIFORM TITLE
Uniform title Mega menu
910 ## - USER-OPTION DATA (OCLC)
User-option data snk
942 ## - ADDED ENTRY ELEMENTS (KOHA)
Source of classification or shelving scheme Dewey Decimal Classification
Koha item type Krásna literatúra pre deti
Suppress in OPAC No
949 ## - LOCAL PROCESSING INFORMATION (OCLC)
6 17A0396027
9 P60, <03>, [BOOK], {603}
a snkSC 112845
b snkKSP 11221/2003
s 6100:20210507
949 ## - LOCAL PROCESSING INFORMATION (OCLC)
6 17A0396026
9 P60, <04>, [BOOK], {604}
a snkSC 112845 D1
b snkKSP 11222/2003
949 ## - LOCAL PROCESSING INFORMATION (OCLC)
6 270001000215107
a svkbbA 107977
b svkbbm 650811
p 650.811
949 ## - LOCAL PROCESSING INFORMATION (OCLC)
6 273K0480490
a svkpoA 185900
b svkpo464522
Holdings
Stav vyradenia Strata Poškodenie Spôsob nadobudnutia Domovská knižnica Aktuálna knižnica Dátum nadobudnutia Total checkouts Čiarový kód exemplára Date last seen Typ exemplára
      Dar Mestská knižnica Turany Mestská knižnica Turany 24.06.2026   4712401414 24.06.2026 Krásna literatúra pre deti
Projekt je podporený Slovenskou asociáciou knižníc
Prevádzkuje Turčianska knižnica Martin 2026